Božena
| Titel: | Božena : román o první české spisovatelce, která se stala legendou / Hana Wlodarczyková |
|---|---|
| Verfasser: | |
| Ausgabe: | Vydání první |
| Veröffentlicht: | Praha : Prostor, 2022 |
| Umfang: | 406 Seiten |
| Format: | Buch |
| Sprache: | Tschechisch |
| RVK-Notation: |
·
|
| ISBN: | 9788072605255 |
| Hinweise zum Inhalt: |
Inhaltsverzeichnis
|
alg: 52364205 001A $03004:19-11-24 001B $01999:25-03-25 $t20:14:14.000 001D $03004:27-02-25 001U $0utf8 001X $00 002@ $0Aau 002C $aText $btxt $2rdacontent 002D $aohne Hilfsmittel zu benutzen $bn $2rdamedia 002E $aBand $bnc $2rdacarrier 003@ $0523642059 004A $A978-80-7260-525-5 006C $01346087745 $aOCoLC 007A $0BV048464415 $aBVB 007G $0DE020BCA77213E59EDF39C1258C57004A9F14 009P $qapplication/pdf $A2 $3Inhaltsverzeichnis $uhttp://scans.hebis.de/HEBCGI/show.pl?52364205_toc.pdf $mV:DE-603;B:DE-Mb50 010@ $acze 010E $erda 011@ $a2022 $n2022 013D $71071854844 $8Fiktionale Darstellung [Tsz] $9359645615 021A $aBožena $dromán o první české spisovatelce, která se stala legendou $hHana Wlodarczyková 028A $BVerfasser $4aut $8Wlodarczyková, Hana$Z1969- [Tp3] $9499590813 032@ $aVydání první 033A $pPraha $nProstor 034D $a406 Seiten 044K $#Němcová, Božena $#Panklova, Barbara $#Němcowá, Božena $#Nemec, Bozena $#Němec, Božena $#Nemtsova, Bozhena $#Panklová, Barunka $#Panklová, Barbora $#Pankel, Barbara $#Ulrichová, Božena $#Oborská $#Božena Oborská $#Nemcova-Machova, Božena $#Немцова, Божена $7118738429 $8Němcová, Božena$Z1820-1862 [Tp1] $9087079143 045F $a800 $eDDC22BSB 045F/01 $a800 045F/03 $f090513 045F/03 $g4371 045Z $8KS 9990 [Tkv] $9409338060 045Z $8KS 6155 [Tkv] $9409326860 046L $aText tschechisch lok: 52364205 24 exp: 52364205 24 1 #EPN 201B/01 $027-02-25 $t14:49:09.000 201C/01 $019-11-24 201U/01 $0utf8 203@/01 $01283858592 208@/01 $a27-02-25 $bz 209A/01 $a25.00111 $du $f050 $h25 00111 $x00 209C/01 $a25.00111 K $h25 00111 K 209G/01 $a74793304 $x00 220C/01 $akon 247C/01 $8358050-7Marburg, Bibliothek des Herder-Instituts Marburg $9102600961
| LEADER | 00000cam a2200000 c 4500 | ||
|---|---|---|---|
| 001 | 523642059 | ||
| 003 | DE-603 | ||
| 005 | 20250325201414.0 | ||
| 007 | tu | ||
| 008 | 241119s2022 xx |||| | u00||u|cze c | ||
| 020 | |a 9788072605255 | ||
| 035 | |a (DE-599)BVBBV048464415 | ||
| 040 | |a DE-603 |b ger |c DE-603 |d DE-603 |e rda | ||
| 041 | |a cze | ||
| 082 | 0 | 4 | |8 1\u |a 800 |q DE-101 |2 22/BSB |
| 084 | |a KS 9990 |0 (DE-625)84916: |0 (DE-603)409338060 |2 rvk | ||
| 084 | |a KS 6155 |0 (DE-625)84478:11864 |0 (DE-603)409326860 |2 rvk | ||
| 085 | |8 1\u |b 800 | ||
| 085 | |8 1\u |z 1 |s 090513 | ||
| 085 | |8 1\u |z 2 |s 4371 | ||
| 100 | 1 | |a Wlodarczyková, Hana |d 1969- |e Verfasser |4 aut |0 (DE-603)499590813 |0 (DE-588)1268647292 |2 gnd | |
| 245 | 0 | 0 | |a Božena |b román o první české spisovatelce, která se stala legendou |c Hana Wlodarczyková |
| 250 | |a Vydání první | ||
| 264 | 1 | |a Praha |b Prostor |c 2022 | |
| 300 | |a 406 Seiten | ||
| 336 | |a Text |b txt |2 rdacontent | ||
| 337 | |a ohne Hilfsmittel zu benutzen |b n |2 rdamedia | ||
| 338 | |a Band |b nc |2 rdacarrier | ||
| 546 | |a Text tschechisch | ||
| 600 | 1 | 7 | |a Němcová, Božena |d 1820-1862 |0 (DE-588)118738429 |0 (DE-603)087079143 |2 gnd |
| 655 | 7 | |a Fiktionale Darstellung |2 gnd-content |0 (DE-588)1071854844 |0 (DE-603)359645615 | |
| 856 | 4 | 2 | |m V:DE-603;B:DE-Mb50 |q application/pdf |u http://scans.hebis.de/HEBCGI/show.pl?52364205_toc.pdf |3 Inhaltsverzeichnis |
| 924 | 0 | |9 Mb 50 |a (DE-603)1283858592 |b DE-Mb50 |c HES |d c |g 25.00111 | |


